000 00998cpcaa2200265 a 4500
001 mm 82004025
003 DLC
005 20260227111711.0
008 821130|||||||||||| eng
010 _amm 82004025
040 _aDLC
_cDLC
_edacs
_dDLC
072 7 _aW
_2lcmd
245 0 0 _aUnited States Army Civil War autographs,
_fundated.
300 _a39
_fitems.
506 0 _aOpen to research.
520 8 _aClipped signatures of Union officers.
555 _aList filed with collection.
546 _aCollection material in English.
580 _aForms part of: Miscellaneous Manuscripts collection.
610 1 0 _aUnited States.
_bArmy
_xHistory
_yCivil War, 1861-1865
_vAutographs.
650 0 _aAutographs
_zUnited States
_vCollections.
651 0 _aUnited States
_xHistory
_yCivil War, 1861-1865
_vAutographs.
999 _c43362
_d43362